De indis et de ivre belli relectiones being parts of relectiones theologicae XII
Saved in:
| Hovedforfatter: | |
|---|---|
| Format: | Bog |
| Sprog: | engelsk |
| Udgivet: |
Nueva York
Oceana
1917
|
| Serier: | The Classics of International Law
|
| Fag: | |
| Tags: |
Tilføj Tag
Ingen Tags, Vær først til at tagge denne postø!
|
MARC
| LEADER | 00000nam a2200000 a 4500 | ||
|---|---|---|---|
| 001 | UCR2402 | ||
| 003 | CL-VaPUC | ||
| 008 | 980112e19170000US |||||||||||||||||eng|d | ||
| 082 | 0 | 4 | |a 262.9 |b VIC |2 21 |
| 100 | 0 | |a Victoria, Francisco de |e author |9 400196 | |
| 245 | 1 | 0 | |a De indis et de ivre belli relectiones being parts of relectiones theologicae XII |
| 300 | |a 297 p | ||
| 942 | |c BK | ||
| 945 | |d 19980112 00:00:00 |a cmena | ||
| 260 | |a Nueva York |b Oceana |c 1917 | ||
| 650 | 7 | |a DERECHO CANONICO |2 CL-VaPUC |9 400197 | |
| 650 | 0 | |a Teología |9 258766 | |
| 650 | 0 | |a Derecho eclesiástico |9 255055 | |
| 650 | 0 | |a Justicia |9 255408 | |
| 650 | 0 | |a Derechos humanos |9 223025 | |
| 650 | 0 | |a Derecho natural |9 255041 | |
| 650 | 0 | |a Ética |9 255099 | |
| 650 | 0 | |a Cristianismo |9 257361 | |
| 583 | |a last modification |c 19980112 00:00:00 |k Rodrigo Vera | ||
| 490 | 0 | |a The Classics of International Law | |
| 999 | |c 265570 |d 265568 | ||
| 952 | |0 0 |1 0 |4 0 |6 262_900000000000000_VIC_1917 |7 0 |8 DER_HIS |9 296553 |a BIBDER |b BIBDER |d 2019-11-20 |i 1923846 |o 262.9 VIC 1917 |p 1923846 |r 2023-01-25 |w 2019-11-20 |x Ubicación 4to Piso |y BK_X |z Estos recursos deben solicitarse con anticipación |k DER | ||